| 000 | 01158nam a2200253 a 4500 | ||
|---|---|---|---|
| 001 | 000144361 | ||
| 003 | AM-YEHGA | ||
| 005 | 20250617122952.0 | ||
| 008 | 960705s1991 ru ||||gr|||||||||0|rus|d | ||
| 020 | _a5020047244 | ||
| 040 | _aAM-YeHGA | ||
| 041 | 0 | _arus | |
| 245 | 0 | 0 |
_aПалинологические таксоны в биостратиграфии : _b[Сборник статей] : По материалам V Всесоюзной палинологической конференции / _cАН СССР, Палеонтол. ин-т ; Отв. ред. Е.Д. Заклинская. |
| 260 |
_aМосква : _bНаука, _c1991. |
||
| 300 |
_a76 с. : _bил. ; _c22 см. |
||
| 504 | _aБиблиогр.: с. 43-45 | ||
| 650 | 1 | 4 |
_aБиостратиграфия _vСборники |
| 650 | 4 | _aПалинология - Сборники | |
| 700 | 1 |
_aЗаклинская, Елена Дмитриевна _eред. _4edt |
|
| 710 | 2 | _aПалеонтологический институт АН СССР | |
| 711 | 2 | _aВсесоюзная палинологическая конференция (5) | |
| 942 |
_2udc _cBK |
||
| 090 | _c49465 | ||
| 999 |
_c48704 _d48704 |
||